000 00583nam a2200229Ia 4500
003 0100
008 130303s9999 xx 000 0 und d
020 _a0809132354
040 _cARRUPELIB
050 _aREF. BR95.O25 1991
100 _aO'Collins, Gerald
245 2 _aA concise dictionary of theology
260 _aNew York
260 _bPaulist Press
260 _C1991
300 _a268 p.
300 _b 24 cm.
650 _aCHRISTIANITY
650 _bCatholic Church -- Doctrines -- History -- 20th Century
700 _aEdward G. Farrugia , S. J
942 0 0 _07
999 _c10864
_d10864